Los reinos hispánicos (Record no. 79978)

MARC details
000 -LEADER
campo de control de longitud fija 00797nam a2200217 i 4500
001 - NÚMERO DE CONTROL
campo de control 79978
003 - IDENTIFICADOR DE NÚMERO DE CONTROL
campo de control ES-MaACL
007 - CAMPO FIJO DE DESCRIPCIÓN FÍSICA--INFORMACIÓN GENERAL
campo de control de longitud fija t|
008 - DATOS DE LONGITUD FIJA--INFORMACIÓN GENERAL
campo de control de longitud fija 041025s1979 sp ||||1| spa d
100 1# - ENTRADA PRINCIPAL--NOMBRE DE PERSONA
Nombre de persona Hillgarth, J. N.
9 (RLIN) 63727
245 14 - MENCIÓN DEL TÍTULO
Título Los reinos hispánicos
Resto del título : 1250-1516 /
Mención de responsabilidad, etc. J.M. Hillgarth ; [traducido por Enrique de Obregón].
250 ## - MENCION DE EDICION
Mención de edición [1ª ed.].
260 ## - PUBLICACIÓN, DISTRIBUCIÓN, ETC.
Lugar de publicación, distribución, etc. Barcelona :
Nombre del editor, distribuidor, etc. Grijalbo,
Fecha de publicación, distribución, etc. 1979.
300 ## - DESCRIPCIÓN FÍSICA
Extensión 3 v. ;
Dimensiones 21 cm.
490 1# - MENCIÓN DE SERIE
Mención de serie Historia de España Grijalbo
505 8# - NOTA DE CONTENIDO CON FORMATO
Nota de contenido con formato Contiene: V.I: Un equilibrio precario 1250-1410. -- V. II: La hegemonía castellana 1410-1474. -- V.III: Los Reyes Católicos 1474-1516
700 1# - ENTRADA AGREGADA--NOMBRE PERSONAL
Nombre de persona Obregón, Enrique de.
9 (RLIN) 86425
830 0# - PUNTO DE ACCESO ADICIONAL DE SERIE-TÍTULO UNIFORME
Título uniforme Historia de España (Grijalbo)
9 (RLIN) 231468
852 ## - LOCALIZACIÓN
Ubicación ES-MaACL
Número de control de estantería L-6141-3
Sublocalización o colección R.105816
Holdings
Estatus retirado Estado de pérdida Estado de daño No para préstamo Biblioteca de origen Biblioteca actual Ubicación en estantería Fecha de adquisición Fuente de adquisición Total de préstamos Signatura topográfica completa Código de barras Visto por última vez Precio de reemplazo Tipo de ítem Koha
        Biblioteca del Ateneo de Madrid Biblioteca del Ateneo de Madrid Depósito 2 17/01/2008     L-6141-3 1083624 23/02/2023 23/02/2023 Libro impreso